000 00462nam a2200193Ia 4500
008 210210b1923 xxu||||| |||| 00| 0 eng d
041 _aeng
082 _a821/639
100 _aSWINBURNE (A C)
245 _aAtalanta in calydon and erechtheus
260 _aLondon
_bWilliam Heinemann Ltd.
_c1923
650 _ain
650 _aerechtheus
650 _acalydon
650 _aAtalanta
650 _aand
690 _aEnglish Literature
906 _a011807
999 _c130514
_d130514